[Event "Santo Domingo op"]
[Site "Santo Domingo"]
[Date "2005.11.24"]
[Round "1"]
[White "Taveras, Tirso"]
[Black "Fabian, Johnny"]
[Result "1-0"]
[WhiteElo "2169"]
[BlackElo "1801"]
[PlyCount "55"]
[EventDate "2005.11.24"]
[EventType "swiss"]
[EventRounds "9"]
[EventCountry "DOM"]
[SourceTitle "CBM 109 Extra"]
[Source "ChessBase"]
[SourceDate "2006.01.03"]
[SourceVersion "2"]
[SourceVersionDate "2006.01.03"]
[SourceQuality "1"]

1. e4 c6 2. d4 d5 3. e5 Bf5 4. Bd3 Bxd3 5. Qxd3 e6 6. f4 Ne7 7. Nf3 h5 8. Nc3 Nf5 9. Bd2 Be7 10. 0-0-0 Nd7 11. Ne2 c5 12. Ng3 g6 13. Nxf5 gxf5 14. h3 h4 15. Rdg1 cxd4 16. g3 hxg3 17. Rxg3 Nc5 18. Qb5+ Kf8 19. Nxd4 a6 20. Qe2 Ne4 21. Rg2 Qb6 22. Nb3 Rc8 23. Be3 Qb4 24. Rhg1 Qa4 25. Qh5 Ke8 26. Qxh8+ Kd7 27. Rg8 Rc4 28. Rb8 1-0